Normal view MARC view

Entry AUTORIDADES PERSONAS

Number of records used in: 1

001 - NÚMERO DE CONTROL

  • campo de control: 422

003 - CONTROL

  • campo de control: AR-BaSMT

005 - FECHA Y HORA DE LA ÚLTIMA TRANSACCIÓN

  • campo de control: 20251215104901.0

008 - ELEMENTOS LONGITUD FÍSICA

  • campo de control de longitud fija: 251215|| aca||aabn | a|a d

024 7# - OTROS INDICADORES NORMALIZADOS

  • Fuente: VIAF
  • Número estándar o código: http://viaf.org/viaf/183794176

040 ## - FUENTE DE CATALOGACIÓN

  • Agencia que cataloga: AR-BaSMT
  • Idioma de catalogación: spa
  • Norma: RDA

100 ## - ENCABEZAMIENTO-NOMBRE DE PERSONA

  • Nombre de persona: Miniño, Adriana
  • Títulos y otros términos asociados al nombre: Autor Personal

372 ## - CAMPO DE ACTIVIDAD

  • Fuente (LEMB) : LEMB
  • Campo en el que la persona se ha dedicado : Traducción

374 ## - OCUPACIÓN

  • Fuente Ej: LEMB : LEMB
  • Ocupación: Traductora

670 ## - FUENTE DE DATOS ENCONTRADOS

  • Cita de la fuente: Sobrevivir para contarlo, 2023
  • Donde se localiza la información: Portada

Powered by Koha